Detalles MARC
| 000 -LEADER |
| fixed length control field |
02395nam a2200493Ii 4500 |
| 001 - CONTROL NUMBER |
| control field |
DIGFCE0070 |
| 003 - CONTROL NUMBER IDENTIFIER |
| control field |
NyNyDIG |
| 006 - FIXED-LENGTH DATA ELEMENTS--ADDITIONAL MATERIAL CHARACTERISTICS |
| fixed length control field |
m o d |
| 007 - PHYSICAL DESCRIPTION FIXED FIELD--GENERAL INFORMATION |
| fixed length control field |
cr ||||||||||| |
| 008 - FIXED-LENGTH DATA ELEMENTS--GENERAL INFORMATION |
| fixed length control field |
170320t20132006mx o 000 1 spa d |
| 020 ## - INTERNATIONAL STANDARD BOOK NUMBER |
| International Standard Book Number |
9786071616784 |
| Qualifying information |
(eBook ; |
| -- |
ePub) |
| 020 ## - INTERNATIONAL STANDARD BOOK NUMBER |
| International Standard Book Number |
6071616786 |
| Qualifying information |
(eBook ; |
| -- |
ePub) |
| 020 ## - INTERNATIONAL STANDARD BOOK NUMBER |
| Canceled/invalid ISBN |
9789681681722 |
| 020 ## - INTERNATIONAL STANDARD BOOK NUMBER |
| Canceled/invalid ISBN |
968168172X |
| 035 ## - SYSTEM CONTROL NUMBER |
| System control number |
(OCoLC)1076417074 |
| 040 ## - CATALOGING SOURCE |
| Original cataloging agency |
DGITA |
| Language of cataloging |
eng |
| Description conventions |
rda |
| -- |
pn |
| Transcribing agency |
DGITA |
| 043 ## - GEOGRAPHIC AREA CODE |
| Geographic area code |
e-ie--- |
| 041 1# - LANGUAGE CODE |
| Language code of text/sound track or separate title |
spa |
| Language code of original |
eng |
| 050 14 - LIBRARY OF CONGRESS CALL NUMBER |
| Classification number |
PZ3.R2525 ebook |
| 082 04 - DEWEY DECIMAL CLASSIFICATION NUMBER |
| Classification number |
813 |
| 100 1# - MAIN ENTRY--PERSONAL NAME |
| Personal name |
Reed, John, |
| Dates associated with a name |
1887-1920, |
| Relator term |
author. |
| 240 10 - UNIFORM TITLE |
| Uniform title |
Daughter of the revolution. |
| Language of a work |
Spanish |
| 245 10 - TITLE STATEMENT |
| Title |
Hija de la revolución, y otras narraciones / |
| Statement of responsibility, etc. |
John Reed ; traducción de Francisco Lona. |
| 250 ## - EDITION STATEMENT |
| Edition statement |
Primera edición electrónica. |
| 264 #1 - PRODUCTION, PUBLICATION, DISTRIBUTION, MANUFACTURE, AND COPYRIGHT NOTICE |
| Place of production, publication, distribution, manufacture |
México, D.F. : |
| Name of producer, publisher, distributor, manufacturer |
Fondo de Cultura Económica, |
| Date of production, publication, distribution, manufacture, or copyright notice |
2013. |
| 264 #4 - PRODUCTION, PUBLICATION, DISTRIBUTION, MANUFACTURE, AND COPYRIGHT NOTICE |
| Date of production, publication, distribution, manufacture, or copyright notice |
©2006 |
| 300 ## - PHYSICAL DESCRIPTION |
| Extent |
1 online resource. |
| 336 ## - CONTENT TYPE |
| Content type term |
text |
| Content type code |
txt |
| Source |
rdacontent |
| 337 ## - MEDIA TYPE |
| Media type term |
computer |
| Media type code |
c |
| Source |
rdamedia |
| 338 ## - CARRIER TYPE |
| Carrier type term |
online resource |
| Carrier type code |
cr |
| Source |
rdacarrier |
| 490 1# - SERIES STATEMENT |
| Series statement |
Biblioteca universitaria de bolsillo |
| 505 0# - FORMATTED CONTENTS NOTE |
| Formatted contents note |
Hija de la revolución -- El mundo totalmente perdido -- Brodway de noche -- Mac-American -- Endimión o en la frontera -- Cuadros de MexicoÑ Soldados de fortunas. Peones -- Los derechos de las naciones pequeñas -- Lo que deba hacerse -- El jefe de familia -- El capitalista -- Donde esta el corazón -- Lo que se llama justicia -- Ver para creer -- Otro caso de ingratitud -- Viñetas de revolución: En visperas. El enjuiciamiento de la IWW en Chicago. |
| 588 0# - SOURCE OF DESCRIPTION NOTE |
| Source of description note |
Online resource; title from ePub title page (Digitalia, viewed April 11, 2017) |
| 655 #0 - INDEX TERM--GENRE/FORM |
| Genre/form data or focus term |
Electronic books. |
| 700 1# - ADDED ENTRY--PERSONAL NAME |
| Personal name |
Lona, Francisco, |
| Relator term |
translator. |
| 765 08 - ORIGINAL LANGUAGE ENTRY |
| Relationship information |
Translation of: |
| Main entry heading |
Reed, John, 1887-1920. |
| Title |
Daughter of the revolution and other stories. |
| Place, publisher, and date of publication |
New York, Vanguard Press,1927. |
| Record control number |
(DLC)27020761 |
| -- |
(OCoLC)1084796 |
| 776 08 - ADDITIONAL PHYSICAL FORM ENTRY |
| Relationship information |
Print version: |
| Main entry heading |
Reed, John, 1887-1920. |
| Title |
Hija de la revolución. |
| Edition |
Segunda edición. |
| Place, publisher, and date of publication |
México, D.F. : Fondo De Cultura Económica, 2006 |
| International Standard Book Number |
9789681681722 |
| 791 2# - |
| -- |
Digitalia (Firm), |
| -- |
distributor. |
| 793 0# - |
| -- |
Digitalia eBook Collection: |
| -- |
Fondo de Cultura Económica |
| 830 #0 - SERIES ADDED ENTRY--UNIFORM TITLE |
| Uniform title |
Biblioteca universitaria de bolsillo. |
| 856 40 - ELECTRONIC LOCATION AND ACCESS |
| Materials specified |
Digitalia Hispánica |
| Uniform Resource Identifier |
<a href="https://www.digitaliapublishing.com/a/43455/">https://www.digitaliapublishing.com/a/43455/</a> |
| 910 ## - USER-OPTION DATA (OCLC) |
| User-option data |
Premium collection: 2017 |
| 942 ## - ADDED ENTRY ELEMENTS (KOHA) |
| Koha item type |
Recurso Electrónico |